007280000a2200157000450000500170000000800410001708200160005811000270007424502980010126000410039930000110044049000140045165000380046565000370050370000300054020231211111454.0230817t ||||| |||| 00| 0 eng d a340.59bCEY aCeylon, the government aThe Muslim marriage and divorce law reports:bcontaining cases decided by the Board of Quazis, the Supreme Court of Ceylon and Her Majesty the Queen in Her Privy Council on appeal from the Supreme Court of Ceylon, and articles on marriage and divorce and other connected matters, with a digest aColombo:b[Government press], c1965 a156 p. aVolume 11 aMarriage (Islamic law) -Sri Lanka aDivorce (Islamic law)- Sri Lanka aMarkhani, Mohammado eed.